Online
Catalog

Exposiciones y ferias : (Record no. 25035)

MARC details
000 -CABECERA
campo de control de longitud fija 00935nam a2200253 a 4500
001 - NÚMERO DE CONTROL
campo de control 000025543
005 - FECHA Y HORA DE LA ÚLTIMA TRANSACCIÓN
campo de control 20200930023850.0
008 - DATOS DE LONGITUD FIJA--INFORMACIÓN GENERAL
campo de control de longitud fija 110217s1997 ck r 000 0 spa d
020 ## - NÚMERO INTERNACIONAL ESTÁNDAR DEL LIBRO
Número Internacional Estándar del Libro 9589613713
040 ## - FUENTE DE LA CATALOGACIÓN
Centro catalogador/agencia de origen DO-SdBNP
Lengua de catalogación spa
Centro/agencia transcriptor BNPHU
041 17 - CÓDIGO DE LENGUA
Código de lengua del texto/banda sonora o título independiente spa
Código de lengua original eng
Fuente del código Código de idiomas MARC
082 ## - NÚMERO DE LA CLASIFICACIÓN DECIMAL DEWEY
Número de clasificación nn*
Número de documento/Ítem nn*
049 ## - FONDOS LOCALES (OCLC)
Fondos de biblioteca BNGR
100 1# - ENTRADA PRINCIPAL--NOMBRE DE PERSONA
Nombre de persona Siskind, Barry.
9 (RLIN) 52203
240 10 - TÍTULO UNIFORME
Título uniforme Political economy.
Lenguaje de la obra Español
245 10 - MENCIÓN DE TÍTULO
Título Exposiciones y ferias :
Resto del título cómo planear estratégicamente y con éxito su participación /
Mención de responsabilidad, etc. Barry Siskind ; dibujos Andrew Benyei ; traducción de Jesús Villamizar Herrera.
260 ## - PUBLICACIÓN, DISTRIBUCIÓN, ETC.
Lugar de publicación, distribución, etc. Bogotá :
Nombre del editor, distribuidor, etc. 3r,
Fecha de publicación, distribución, etc. 1997.
300 ## - DESCRIPCIÓN FÍSICA
Extensión 196 p. :
Otras características físicas il. ;
Dimensiones 24 cm.
504 ## - NOTA DE BIBLIOGRAFÍA, ETC.
Nota de bibliografía, etc. Temas gerenciales
500 ## - NOTA GENERAL
Nota general "Técnicas de ferias y exposiciones para principiantes y profesionales".
700 1# - PUNTO DE ACCESO ADICIONAL--NOMBRE DE PERSONA
Nombre de persona Benyei, Andrew,
Término indicativo de función/relación ill.
9 (RLIN) 52204
700 1# - PUNTO DE ACCESO ADICIONAL--NOMBRE DE PERSONA
Nombre de persona Villamizar Herrera, Jesús,
Término indicativo de función/relación tr.
9 (RLIN) 47622
830 #0 - PUNTO DE ACCESO ADICIONAL DE SERIE-TÍTULO UNIFORME
Título uniforme Temas gerenciales
9 (RLIN) 27565
Holdings
Estado de retiro Estado de pérdida Restricciones de uso No para préstamo Código de colección Localización permanente Ubicación/localización actual Ubicación en estantería Fecha de adquisición Número de inventario Total de préstamos Signatura topográfica completa Código de barras Fecha visto por última vez Precio válido a partir de Tipo de ítem Koha
        Monografías: Libros y Folletos General General En catalogación 17.02.2011 LF1   nn* nn* 25543-10 25.06.2020 25.06.2020 Préstamo en sala

Powered by Koha